000 00635nam a2200181Ia 4500
005 20250923145300.0
008 008 250917s9999 xx 000 0 eng d
037 _aReports
040 _aDSWL
_beng
_cDSWL
041 _aeng
_2eng
084 _aY5927,2rN63, 152N68;2
_qDSWL
100 _aBose, Nippi Kumar
_9833656
245 0 _aSeventeenth Report on implementation of Scheduled Castes and Scheduled Tribes Commissioner Part 2
_cby Nippi kumar Bose
260 _aDelhi
_bManager Publication Research Civil lines
_c1968
300 _a122p.
942 _cREP
_hY5927,2rN63, 152N68;2
999 _c1449411
_d1449411